LEADER 01143nam0-22003851i-450- 001 990005435970203316 005 20010829120000.0 035 $a000543597 035 $aUSA01000543597 035 $a(ALEPH)000543597USA01 035 $a000543597 100 $a20010829d1980-------|0itac50------ba 101 $aita 102 $aIT 105 $a||||Z 1|||| 200 1 $a<>evasione fiscale$econtrollo e sanzioni$fCarlo Federico Grosso 210 $aTorino$cEinaudi$d1980 - 141 p. ; 20 cm 225 2$aIstituzioni italiane$v4 410 1$12001$aIstituzioni italiane$v4 606 $aEVASIONI FISCALI$xTRIBUTI$2FI 620 $dTorino 676 $a364.13$cReati politici e affini$v21 700 1$aGROSSO,$bCarlo Federico$0140397 712 $aEinaudi 801 $aIT$bSOL$c20120104 912 $a990005435970203316 950 $aDIP.TO SCIENZE ECONOMICHE - (SA)$dDS 300 364.133 GRO$e2518 DISES 951 $a300 364.133 GRO$b2518 DISES 959 $aBK 969 $aDISES 979 $c20121027$lUSA01$h1532 979 $c20121027$lUSA01$h1612 996 $aEvasione fiscale$9672080 997 $aUNISA NUM $aUSA2954 LEADER 01506nam0-22004331i-450 001 990006416160403321 005 20240402114509.0 035 $aFED01000641616 035 $a(Aleph)000641616FED01 035 $a000641616 100 $a20001009d1964----km-y0itay50------ba 101 1 $aita$cfre 102 $aIT 105 $af---ac--001yy 200 1 $aArte e Umanesimo a Firenze al tempo di Lorenzo il Magnifico$estudi sul Rinascimento e sull'umanesimo platonico$fAndré Chastel 210 $aTorino$cGiulio Einaudi editore$d1964 215 $aXVII, 584 p., [48] c. di tav.$d26 cm 225 1 $aBiblioteca di storia dell'arte$v1 454 0$12001$aArt et humanisme ŕ Florence au temps de Laurent le Magnifique$ečtudes sur la renaissance et l'humanisme platonicien$918663 610 0 $aArte$aFirenze$aSec. 15. 676 $a709.45$v21$zita 700 1$aChastel,$bAndré$0339015 801 0$aIT$bUNINA$gRICA$2UNIMARC 901 $aBK 912 $a990006416160403321 952 $aART.FI B 236$b8554$fFARBC 952 $aBIB. BAT.1242$b4911$fBAT 952 $a709.45 CHA 2 TER$bFil. Mod. 16307$fFLFBC 952 $a709.024 CHAA 01$bST. ARTE 6638$fFLFBC 952 $a709.024 CHAA 01 bis$bST. MED. MOD. 1842$fFLFBC 952 $a15.793$fDARST 952 $aMTD 1457$b686/153$fDARPU 959 $aDARPU 959 $aBAT 959 $aFARBC 959 $aDARST 959 $aFLFBC 996 $aArt et humanisme ŕ Florence au temps de Laurent le Magnifique$918663 997 $aUNINA